00519nam a2200133 a 4500008004100000020001500041050001600056100003700072245016700109260004500276300003400321350000900355700002100364120416s1990 ||||||||||||||||| || u a9982816004 aJQ 2881 Nat aMbikusita-Lewanika, Akashambatwa14aThe hour has come: proceedings of the National Conference on the Multi-party Option held at Garden House Hotel, Lusaka,cedited by Akashambatwa Mbikusita-Lewanika aLusakabZambia Research Foundationc1990 axi, 152 pages : illustrations a0.00 aChitala, Derrick